Advaita Vedanta re-explored towards ecological and dalit theology / (Record no. 94994)

MARC details
000 -LEADER
fixed length control field 00707nam a22002177a 4500
005 - DATE AND TIME OF LATEST TRANSACTION
control field 20150909105553.0
010 ## - LCCN (DPL NO)
LC control number ENG-113506
020 ## - INTERNATIONAL STANDARD BOOK NUMBER
Terms of availability 650.00
International Standard Book Number 9789351480334
020 ## - INTERNATIONAL STANDARD BOOK NUMBER
Terms of availability 650.00
International Standard Book Number 935148033x
035 ## - SYSTEM CONTROL NUMBER
System control number EN-97038
037 ## - SOURCE OF ACQUISITION
Source of stock number/acquisition DBAD/PUB
082 ## - DEWEY DECIMAL CLASSIFICATION NUMBER
Classification number 181.46
100 ## - MAIN ENTRY--PERSONAL NAME
Personal name Mathew, John V.
245 ## - TITLE STATEMENT
Title Advaita Vedanta re-explored towards ecological and dalit theology /
Statement of responsibility, etc by John V. Mathew
260 ## - PUBLICATION, DISTRIBUTION, ETC. (IMPRINT)
Place of publication, distribution, etc New Delhi
Name of publisher, distributor, etc Christian World Imprints
Date of publication, distribution, etc 2015
270 ## - ADDRESS
Address H-12 Bali Nagar
City New Delhi
Postal code 110015
300 ## - PHYSICAL DESCRIPTION
Extent xxxi,183p.
Dimensions 22cm(Hb)
490 ## - SERIES STATEMENT
Series statement Interfaith treasures uncovered-4
500 ## - GENERAL NOTE
General note Includes bibliographical references and index
942 ## - ADDED ENTRY ELEMENTS (KOHA)
Source of classification or shelving scheme Dewey Decimal Classification
Item type English Books
Call number suffix MAT
Classification part 181.46
Holdings
Withdrawn status Lost status Not for loan Collection code Home library Current library Date acquired Source of acquisition Cost, normal purchase price Full call number Barcode Copy number Cost, replacement price Koha item type
    Not For Loan Non-fiction D.B.Act.Division D.B.Act.Division 16/07/2015 DBAD/PUB 650.00 181.46 MAT EN-97038 1 650.00 English Books

© Delhi Public Library
Hit Counter
free hit counter